LEADER 00876nam0-22003011i-450- 001 990000010860403321 005 20151111160724.0 035 $a000001086 035 $aFED01000001086 035 $a(Aleph)000001086FED01 035 $a000001086 100 $a20020821d1954----km-y0itay50------ba 101 0 $afre 105 $ay-------001yy 200 1 $aAbaques ou nomogrammes$eétude theorique et pratique illustrée par de nombreux exemples tires de la mecanique, de l'electricité physique$fA. Giet 210 $aParis$cDunod$d1954 215 $aXII, 223 p.$cill.$d24 cm 610 0 $aNomografia 676 $a511.5 700 1$aGiet,$bA.$0331177 801 0$aIT$bUNINA$gRICA$2UNIMARC 901 $aBK 912 $a990000010860403321 952 $a13 K 63 11$b20587$fFINBC 952 $a15 L/2-13$bn. 397$fDINID 959 $aDINID 959 $aFINBC 997 $aUNINA LEADER 00967nam a2200277 i 4500 001 991003181029707536 005 20020509113605.0 008 010514s1975 it ||| | ita 035 $ab11121282-39ule_inst 035 $aPARLA176627$9ExL 040 $aDip.to Filosofia$bita 082 0 $a150.195 100 1 $aPalmier, Jean-Michel$0160026 245 10$aGuida a Lacan :$bil simbolico e l'immaginario /$cJean Michel Palmier ; traduzione di Maria grazia Meriggi 260 $aMilano :$bRizzoli,$c1975 300 $a164 p. ;$c18 cm. 490 0 $aBUR. L ;$v49 500 $aTit. orig.: Lacan 650 4$aLacan, Jacques 700 1 $aMeriggi, Maria Grazia 907 $a.b11121282$b23-02-17$c28-06-02 912 $a991003181029707536 945 $aLE005IF XXXI A 58$g1$i2005000286919$lle005$o-$pE0.00$q-$rl$s- $t0$u1$v0$w1$x0$y.i11259085$z28-06-02 996 $aGuida a Lacan$9858279 997 $aUNISALENTO 998 $ale005$b01-01-01$cm$da $e-$fita$git $h0$i1 LEADER 03153nam 2200541 450 001 9910809126903321 005 20230124193804.0 010 $a9781442264281$b(electronic book) 010 $a1442264284$b(electronic book) 035 $a(CKB)3710000000842406 035 $a(EBL)4659701 035 $a(OCoLC)957655246 035 $a(MiAaPQ)EBC4659701 035 $a(EXLCZ)993710000000842406 100 $a20160912h20162016 uy 0 101 0 $aeng 135 $aur|n|---||||| 181 $ctxt$2rdacontent 182 $cc$2rdamedia 183 $acr$2rdacarrier 200 04$aThe medical library association guide to data management for librarians /$fedited by Lisa Federer 210 1$aLanham, [Maryland] :$cRowman & Littlefield,$d2016. 210 4$d©2016 215 $a1 online resource 225 1 $aMedical Library Association Books Series 300 $aIncludes index. 311 $a1-4422-6427-6 311 $a1-4422-6426-8 320 $aIncludes bibliographical references. 327 $aContents; Preface; Acknowledgments; Part I Data Management: Theory and Foundations; Chapter 1 Research Data Management for the Biomedical Digital Research Enterprise; Chapter 2 What Could Possibly Go Wrong?; Chapter 3 Research Data as Record; Chapter 4 Raising Researchers' Awareness of Biomedical Data Journals to Promote Data Sharing; Chapter 5 Data Science; Chapter 6 Data 101; Part II Data Management across the Research Data Life Cycle; Chapter 7 Library Support for Data Management Plans; Chapter 8 Going Beyond the Data Management Plan 327 $aChapter 9 Library Infrastructures for Scholarship at ScaleChapter 10 Contextualizing Visualization in Library Services; Part III Data Management in Practice; Chapter 11 Data Services at a Medium-Size Academic Library; Chapter 12 Data Information Literacy; Chapter 13 Building Data Management Services at an Academic Medical Center; Chapter 14 Data Management in the Lab ; Chapter 15 Demystifying Data Management; Index; About the Authors 330 $aLibraries have begun developing services and programs to help researchers meet the demands of the data-driven research enterprise, giving librarians exciting new opportunities to use their expertise and skills. The Medical Library Association Guide to Data Management for Librarians highlights the many ways that librarians are addressing researchers' changing needs at a variety of institutions, including academic, hospital, and government libraries. Each chapter ends with "pearls of wisdom," a bulleted list of 5-10 takeaway messages from the chapter that will help readers quickly put the ideas 410 0$aMedical Library Association books. 606 $aManagement 606 $aLibrary science 606 $aData management 615 0$aManagement. 615 0$aLibrary science. 615 0$aData management. 676 $a658 702 $aFederer$b Lisa 801 0$bMiAaPQ 801 1$bMiAaPQ 801 2$bMiAaPQ 906 $aBOOK 912 $a9910809126903321 996 $aThe medical library association guide to data management for librarians$94028954 997 $aUNINA